Common Riddles Quiz #4 (Joke style!) - Statistics

General Stats
  • This quiz has been taken 40 times
  • The average score is 5 of 10
Answer Stats
Riddle Answer % Correct
Mr. Black lives in the Black House. Who lives in the White House? President
94%
What type of music do rabbits listen to? Hip hop
79%
During what month do people sleep the least? February
65%
What is orange and sounds like a parrot? Carrot
56%
What rock group consists of four famous men, but none of them sing? Mount Rushmore
53%
What fruit can you never cheer up? Blueberry
47%
I travel all around the world, but never leave the corner. What am I? Stamp
41%
What kind of room has no doors or windows? Mushroom
38%
What can make an octopus laugh? Tentacles
29%
What can be on the ground and also a hundred feet in the air? Centipede
12%
No matching quizzes found
Score Distribution
Percent of People with Each Score
Percentile by Number Answered
Your Score History
You have not taken this quiz